| 000 | 00333nam a2200145 i 4500 | ||
|---|---|---|---|
| 001 | bg | ||
| 100 | 1 | _aBATRAKOV, Vladimir G. | |
| 245 | 0 |
_aModyficirovannye betony / _cV.G. Batrakov. |
|
| 260 |
_aMoskva, _c1990. |
||
| 040 | _cBPK | ||
| 041 | _apol | ||
| 080 | _a666.972 | ||
| 942 | _cKS | ||
| 008 | s pl f |000 0 pol | ||
| 999 |
_c29344 _d29344 |
||
| 856 |
_uhttp://koha.tu.koszalin.pl/cgi-bin/koha/opac-detail.pl?biblionumber=29344 _yKatalog online BPK |
||